000
002610000a22000970004500
100
1
_a
Gonzáles Faus, José Ignacio
245
1
0
_a
Testigo del amor, muerto por odio al amor
300
_a
vol.299, nim.299 (2003), Páginas 67-74
773
0
_t
Concilium
942
_c
ANA
999
_c
49909
_d
49909